000 00514nam a22001697a 4500
005 20241003070517.0
008 241003b |||||||| |||| 00| 0 eng d
020 _a9780409012415
041 _aEnglish
082 _a347.1 JOF
100 _lEnglish
245 _aHigh Court Motion Procedure: A practical guide /
_cB Neukircher et al.
260 _aDurban:
_bLexisNexis (Pty) Ltd,
_c2008
300 _bvii, 40 pages;
_c26 cm.
650 _aLegal practice
_bLaw
942 _cBK
_6ALISON_BN_VRIES
999 _c3206
_d3206